Highway materials, soils, and concretes / (Record no. 17626)

MARC details
000 -LEADER
fixed length control field 03227cam a22002774a 4500
001 - CONTROL NUMBER
control field 12721495
005 - DATE AND TIME OF LATEST TRANSACTION
control field 20131009135538.0
008 - FIXED-LENGTH DATA ELEMENTS--GENERAL INFORMATION
fixed length control field 020327s2003 njua b 001 0 eng
010 ## - LIBRARY OF CONGRESS CONTROL NUMBER
LC control number 2002021823
020 ## - INTERNATIONAL STANDARD BOOK NUMBER
International Standard Book Number 0130993042
020 ## - INTERNATIONAL STANDARD BOOK NUMBER
International Standard Book Number 9780130993045
082 00 - DEWEY DECIMAL CLASSIFICATION NUMBER
Classification number 625.8
Edition number 21
Item number ATK
100 1# - MAIN ENTRY--PERSONAL NAME
Personal name Atkins, Harold N.
9 (RLIN) 33995
245 10 - TITLE STATEMENT
Title Highway materials, soils, and concretes /
Statement of responsibility, etc Harold N. Atkins.
250 ## - EDITION STATEMENT
Edition statement 4th ed.
260 ## - PUBLICATION, DISTRIBUTION, ETC. (IMPRINT)
Place of publication, distribution, etc Upper Saddle River :
Name of publisher, distributor, etc Prentice Hall,
Date of publication, distribution, etc c2003.
300 ## - PHYSICAL DESCRIPTION
Extent viii, 383 p. :
Other physical details ill. ;
Dimensions 24 cm.
504 ## - BIBLIOGRAPHY, ETC. NOTE
Bibliography, etc Includes bibliographical references (p. 371-373) and index.
505 8# - FORMATTED CONTENTS NOTE
Formatted contents note Machine generated contents note: CHAPTER 1 Engineering Properties of Soils, 1 -- 1-1 Soil Types, 1 -- 1-2 Mass-Volume Relations, 5 -- 1-3 Classification Tests, 15 -- 1-4 Soil Classification, 24 -- 1-5 Soil Water, 31 -- 1-6 Soil Strength and Settlement, 41 -- 1-7 Test Procedures, 49 -- 1-8 Problems, 63 -- CHAPTER 2 Soils Investigation, 76 -- 2-1 Soil Deposits, 76 -- 2-2 Field Investigation Techniques, 77 -- 2-3 Laboratory Testing, 90 -- 2-4 Soils Reports, 90 -- 2-5 Problems, 94 -- CHAPTER 3 Compaction, 97 -- 3-1 Maximum Dry Density, 97 -- 3-2 Field Density, 103 -- 3-3 Compaction Operations and Quality Control, 108 -- 3-4 Test Procedures, 113 -- 3-5 Problems, 116 -- CHAPTER 4 Aggregates, 121 -- 4-1 Aggregate Sources, 121 -- 4-2 Aggregate Terms and Types, 127 -- 4-3 Aggregate Strength, 128 -- 4-4 Properties, 130 -- 4-5 Specifications, 139 -- 4-6 Sampling and Testing, 143 -- 4-7 Blending Aggregates, 147 -- 4-8 Test Procedures, 148 -- 4-9 Problems, 156 -- CHAPTER 5 Pavement Structure and Base, 162 -- 5-1 Pavement Structure, 162 -- 5-2 Thickness Design, 167 -- 5-3 Subgrade Construction, 179 -- 5-4 Granular Base and Subbase Courses, 184 -- 5-5 Stabilized Base and Surface Courses, 188 -- 5-6 Geosynthetics, 192 -- 5-7 The Strategic Highway Research Program, 196 -- 5-8 Inspection and Quality Control, 196 -- 5-9 Test Procedures, 197 -- 5-10 Problems, 200 -- CHAPTER 6 Asphalt Pavements and Materials, 204 -- 6-1 Asphalt Paving Materials, 204 -- 6-2 SuperpaveTM Asphalt Binders, 212 -- 6-3 Asphalt Concrete-Properties, 216 -- 6-4 Aggregates, 227 -- 6-5 Asphalt Concrete Mix Design, 232 -- 6-6 The SuperpaveTM Mix Design, 240 -- 6-7 Stone Matrix Asphalt, 248 -- 6-8 Production and Paving, 250 -- 6-9 Inspection and Quality Control, 257 -- 6-10 Asphalt Concrete Recycling, 262 -- 6-11 Other Asphalt Surfaces, 265 -- 6-12 Test Procedures, 265 -- 6-13 Problems, 271 -- CHAPTER 7 Portland Cement Concrete, 277 -- 7-1 Portland Cement, 277 -- 7-2 Properties of Portland Cement Concrete, 284 -- 7-3 Basic Tests, 294 -- 7-4 Admixtures, 297 -- 7-5 Supplementary Cementing Materials, 299 -- 7-6 Materials, 301 -- 7-7 Mix Design, 306 -- 7-8 Trial Mixes, 314 -- 7-9 High-Strength Concrete, 326 -- 7-10 Mixing, Placing, and Curing, 333 -- 7-11 Concrete Pavements, 337 -- 7-12 Whitetopping, 339 -- 7-13 Inspection and Quality Control, 342 -- 7-14 Special Concretes, 347 -- 7-15 Test Procedures, 349 -- 7-16 Problems, 359.
650 #0 - SUBJECT ADDED ENTRY--TOPICAL TERM
Topical term or geographic name as entry element Road materials.
9 (RLIN) 18850
650 #0 - SUBJECT ADDED ENTRY--TOPICAL TERM
Topical term or geographic name as entry element Soils.
9 (RLIN) 33996
650 #0 - SUBJECT ADDED ENTRY--TOPICAL TERM
Topical term or geographic name as entry element Concrete.
9 (RLIN) 33997
650 #0 - SUBJECT ADDED ENTRY--TOPICAL TERM
Topical term or geographic name as entry element Pavements.
9 (RLIN) 33998
653 ## - INDEX TERM--UNCONTROLLED
Resource For college
Arrived date list October2013
942 ## - ADDED ENTRY ELEMENTS (KOHA)
Source of classification or shelving scheme Dewey Decimal Classification
Item type Book - Borrowing
Holdings
Withdrawn status Item status Source of classification or shelving scheme Damaged status Not for loan Vendor Home library Current library Shelving location Date acquired Source of acquisition Total Checkouts Total Renewals Full call number Barcode Date last seen Date last borrowed Koha item type
    Dewey Decimal Classification     Baccah Central Library Central Library First floor 09/10/2013   2 50 625.8 ATK 000029352 15/07/2025 02/10/2014 Book - Borrowing
    Dewey Decimal Classification     Baccah Central Library Central Library First floor 09/10/2013   5 67 625.8 ATK 000029353 15/07/2025 30/10/2017 Book - Borrowing